<?xml version="1.0" encoding="UTF-8"?>
<record
    xmlns:xsi="http://www.w3.org/2001/XMLSchema-instance"
    xsi:schemaLocation="http://www.loc.gov/MARC21/slim http://www.loc.gov/standards/marcxml/schema/MARC21slim.xsd"
    xmlns="http://www.loc.gov/MARC21/slim">

  <leader>00856nam a2200217Ia 4500</leader>
  <datafield tag="999" ind1=" " ind2=" ">
    <subfield code="c">53665</subfield>
    <subfield code="d">53665</subfield>
  </datafield>
  <controlfield tag="001">20712</controlfield>
  <controlfield tag="003">GE_BSU</controlfield>
  <controlfield tag="005">20210306235312.0</controlfield>
  <controlfield tag="008">181216s2017||||ge |||||||||||||| ||geo||</controlfield>
  <datafield tag="040" ind1=" " ind2=" ">
    <subfield code="c">GE_BSU</subfield>
  </datafield>
  <datafield tag="041" ind1=" " ind2=" ">
    <subfield code="a">geo</subfield>
  </datafield>
  <datafield tag="080" ind1=" " ind2=" ">
    <subfield code="a">57.004 &#x10DB;-66</subfield>
  </datafield>
  <datafield tag="245" ind1=" " ind2=" ">
    <subfield code="a">&#x10DB;&#x10D8;&#x10D9;&#x10E0;&#x10DD;&#x10E1;&#x10D9;&#x10DD;&#x10DE;&#x10D8;&#x10E1; &#x10DB;&#x10D6;&#x10D0; &#x10E1;&#x10DA;&#x10D0;&#x10D8;&#x10D3;&#x10D4;&#x10D1;&#x10D8; &#x10D1;&#x10D8;&#x10DD;&#x10DA;&#x10DD;&#x10D2;&#x10D8;&#x10D0;&#x10E8;&#x10D8; = 100E Basic Biology Prepared Slide Set for Student and Homeschool Use, Set of 100 Prepared Glass Slides.</subfield>
  </datafield>
  <datafield tag="264" ind1=" " ind2=" ">
    <subfield code="c">2017.</subfield>
  </datafield>
  <datafield tag="300" ind1=" " ind2=" ">
    <subfield code="a">&#x10E1;&#x10DA;&#x10D0;&#x10D8;&#x10D3;&#x10D4;&#x10D1;&#x10D8;</subfield>
  </datafield>
  <datafield tag="541" ind1=" " ind2=" ">
    <subfield code="h">210&#x10DA;.</subfield>
  </datafield>
  <datafield tag="653" ind1=" " ind2=" ">
    <subfield code="a">100E Basic Biology Prepared Slide Set for Student and Homeschool Use, Set of 100 Prepared Glass Slides</subfield>
  </datafield>
  <datafield tag="653" ind1=" " ind2=" ">
    <subfield code="a">&#x10DB;&#x10D8;&#x10D9;&#x10E0;&#x10DD;&#x10E1;&#x10D9;&#x10DD;&#x10DE;&#x10D8;&#x10E1; &#x10DB;&#x10D6;&#x10D0; &#x10E1;&#x10DA;&#x10D0;&#x10D8;&#x10D3;&#x10D4;&#x10D1;&#x10D8; &#x10D1;&#x10D8;&#x10DD;&#x10DA;&#x10DD;&#x10D2;&#x10D8;&#x10D0;&#x10E8;&#x10D8;</subfield>
  </datafield>
  <datafield tag="653" ind1=" " ind2=" ">
    <subfield code="a">&#x10E1;&#x10DA;&#x10D0;&#x10D8;&#x10D3;&#x10D4;&#x10D1;&#x10D8;</subfield>
  </datafield>
  <datafield tag="942" ind1=" " ind2=" ">
    <subfield code="c">CF</subfield>
    <subfield code="2">udc</subfield>
  </datafield>
  <datafield tag="952" ind1=" " ind2=" ">
    <subfield code="0">0</subfield>
    <subfield code="1">0</subfield>
    <subfield code="2">udc</subfield>
    <subfield code="4">0</subfield>
    <subfield code="6">57004_&#x10DB;66</subfield>
    <subfield code="7">0</subfield>
    <subfield code="9">76144</subfield>
    <subfield code="a">CPL</subfield>
    <subfield code="b">CPL</subfield>
    <subfield code="c">GEN</subfield>
    <subfield code="d">2018-12-17</subfield>
    <subfield code="g">210.00</subfield>
    <subfield code="o">57.004 &#x10DB;-66</subfield>
    <subfield code="p">54017</subfield>
    <subfield code="r">2018-12-17</subfield>
    <subfield code="t">54017</subfield>
    <subfield code="w">2018-12-17</subfield>
    <subfield code="y">CF</subfield>
    <subfield code="z"> 210.00 &#x10DA;.</subfield>
  </datafield>
</record>
